000 00350nam a2200121Ia 4500
008 220120s9999||||xx |||||||||||||| ||und||
082 _a005.133 SCH
100 _aSchildt, Herbert
245 4 _aThe complete reference C++
260 _aMcGraw Hill Education (India) Private Limited
_bNew Delhi
_c2011
300 _a510p.
_b0
650 _aDATA STRUCTURES
999 _c137582
_d137582